Social psychology. (Record no. 174367)
[ view plain ]
| 000 -LEADER | |
|---|---|
| fixed length control field | 00442nam a2200169Ia 4500 |
| 003 - CONTROL NUMBER IDENTIFIER | |
| control field | OSt |
| 005 - DATE AND TIME OF LATEST TRANSACTION | |
| control field | 20230527110935.0 |
| 008 - FIXED-LENGTH DATA ELEMENTS--GENERAL INFORMATION | |
| fixed length control field | 210423s2005 xx 000 0 und d |
| 040 ## - CATALOGING SOURCE | |
| Transcribing agency | AL |
| 082 ## - DEWEY DECIMAL CLASSIFICATION NUMBER | |
| Classification number | 302 |
| Edition number | 23 |
| Item number | MUKS |
| 100 ## - MAIN ENTRY--PERSONAL NAME | |
| Personal name | MUKHERJEE (Nilambar). |
| 9 (RLIN) | 115264 |
| 245 ## - TITLE STATEMENT | |
| Title | Social psychology. |
| 260 ## - PUBLICATION, DISTRIBUTION, ETC. | |
| Place of publication, distribution, etc. | New Delhi |
| Name of publisher, distributor, etc. | Dominant Publishers and Distributors |
| Date of publication, distribution, etc. | 2005 |
| 365 ## - TRADE PRICE | |
| Price amount | 495 |
| Currency code | INR |
| 906 ## - LOCAL DATA ELEMENT F, LDF (RLIN) | |
| a | psychology. ; Social |
| 942 ## - ADDED ENTRY ELEMENTS (KOHA) | |
| Source of classification or shelving scheme | Dewey Decimal Classification |
| Koha item type | Book |
| Withdrawn status | Lost status | Damaged status | Not for loan | Collection code | Home library | Current library | Date acquired | Source of acquisition | Cost, normal purchase price | Total Checkouts | Full call number | Barcode | Date last seen | Price effective from | Koha item type |
|---|---|---|---|---|---|---|---|---|---|---|---|---|---|---|---|
| MSW | St Aloysius PG Library | St Aloysius PG Library | 09/27/2006 | University Book House | 495.00 | 302 MUKS | PG021043 | 08/24/2022 | 04/26/2021 | Book |